ბათუმის შოთა რუსთაველის სახელმწიფო უნივერსიტეტის ბიბლიოთეკა

ნარკვევები : (ბიბ.ჩანაწერი № 60161)

000 -ლიდერი
ფიქსირებული სიგრძის საკონტროლო ველი 01620nam a22002537a 4500
003 - საკონტროლო ნომრის იდენტიფიკატორი
საკონტროლო ველი Ge_BSU
005 - ბოლო ოპერაციის თარიღი და დრო
საკონტროლო ველი 20230614125141.0
008 - ფიქსირებული სიგრძის მონაცემთა ელემენტები - ზოგადი ინფორმაცია
ფიქსირებული სიგრძის საკონტროლო ველი 230614s2005 ge ||||| |||| 00| 0 geo d
020 ## - წიგნის საერთაშორისო სტანდარტული ნომერი
International Standard Book Number 15120252
041 ## - ენის კოდი
Language code of text/sound track or separate title geo
080 ## - უნივერსალური ათობითი კლასიფიკაციის ინდექსი
Universal Decimal Classification number 94+7(05) ნ-28
245 ## - ცნობა სათაურის შესახებ
Title ნარკვევები :
Remainder of title ტ. X /
Statement of responsibility, etc სამეცნ. რედ. ნოდარ ლომოური, გიორგი მარსაგიშვილი; რედ. ნინო ნადარაია. საქართველოს ეროვნული მუზეუმი შალვა ამირანაშვილის სახელობის ხელოვნების მუზეუმი.
264 ## - წარმოების, გამოცემის, დისტრიბუციის და სხვა ცნობები
გამოცემის, წარმოების, დისტრიბუციის... ადგილი თბილისი,
გამოცემის, წარმოების, დისტრიბუციის... თარიღი 2005.
300 ## - ფიზიკური აღწერა
Extent 295 გვ.;
Other physical details ილ. ;
Dimensions 30 სმ.
500 ## - ზოგადი შენიშვნა
General note პარალ. სათ. ინგლ. ენაზე
501 ## - შენიშვნა თანმხლებ მასალაზე
With note შემოკლ. განმარტ. გვ.291-292
653 ## - INDEX TERM--UNCONTROLLED
Uncontrolled term ისტორია
653 ## - INDEX TERM--UNCONTROLLED
Uncontrolled term არქეოლოგია
700 ## - ADDED ENTRY--PERSONAL NAME
Personal name ლომოური, ნოდარ
Relator term სამეცნ. რედაქტორი
9 (RLIN) 5830
700 ## - ADDED ENTRY--PERSONAL NAME
Personal name მარსაგიშვილი, გიორგი
Relator term სამეცნ. რედაქტორი
9 (RLIN) 18681
700 ## - ADDED ENTRY--PERSONAL NAME
Personal name ნადარაია, ნინო
Relator term რედაქტორი
9 (RLIN) 18696
710 ## - ADDED ENTRY--CORPORATE NAME
Corporate name or jurisdiction name as entry element საქართველოს ეროვნული მუზეუმი
Subordinate unit შალვა ამირანაშვილის სახელობის ხელოვნების მუზეუმი.
9 (RLIN) 18697
942 ## - ADDED ENTRY ELEMENTS (KOHA)
Source of classification or shelving scheme
Koha item type წიგნი
ეგზემპლარები
ჩამოწერის სტატუსი დაკარგული ეგზემპლარის სტატუსი კლასიფიკაციის წყარო ან თაროზე გაწყობის სქემა დაზიანების სტატუსი არ გაიცემა მუდმივი მდებარეობა (დაცვის ადგილი) ამჟამინდელი ადგილსამყოფელი თაროზე განთავსების ადგილი შეძენის თარიღი ღირებულება, შესყიდვის ნორმალური ფასი სრული შენახვის შიფრი შტრიხკოდი ბოლო ოპერაციის თარიღი ეგზემპლარის მიმდევრობითი ნომერი (კეტერი?) Uniform Resource Identifier ფასის ძალაში შესვლის თარიღი ეგზემპლარის სახეობა საჯარო შენიშვნა
          ბათუმის შოთა რუსთაველის სახელმწიფო უნივერსიტეტის მთავარი ბიბლიოთეკა ბათუმის შოთა რუსთაველის სახელმწიფო უნივერსიტეტის მთავარი ბიბლიოთეკა წიგნსაცავი 2023-06-14 7.00 94+7(05) ნ-28 64632 2023-06-14 64632 ბსუ-ს საპატიო დოქტორის გურამ ლორთქიფანიძის საჩუქარი 2023-06-14 წიგნი 7 ლ.